| 000 | 01549nam a2200385 i 4500 | ||
|---|---|---|---|
| 003 | DO-SdBNP | ||
| 005 | 20251118093654.0 | ||
| 007 | ta | ||
| 008 | 240523b2023 dr ac||| |||| 00| 0 spa d | ||
| 020 | _a9789945250602 | ||
| 040 |
_aDO-SdBNP _bspa _cBNPHU _erda |
||
| 049 | _aBNPD | ||
| 082 | 4 |
_a972.93053 _bG633c, 2023 _222 |
|
| 100 | 1 |
_aGómez Ochoa, Delio, _d1929- _945240 _eautor |
|
| 245 | 1 | 0 |
_aConstanza, Maimón y Estero Hondo : _bla victoria de los caídos / _cDelio Gómez Ochoa ; prólogo, Raúl Pérez Peña. |
| 250 | _aquinta edición, corregida y aumentada | ||
| 264 |
_aSanto Domingo : _bArchivo General de la Nación, _c2023. |
||
| 300 |
_a368 páginas : _bilustraciones, retratos ; _c23 cm. |
||
| 336 |
_2rdacontent _atexto _btxt |
||
| 337 |
_2rdamedia _asin mediación _bn |
||
| 338 |
_2rdacarrier _avolumen _bnc |
||
| 490 |
_aArchivo General de la Nación _v475 |
||
| 500 | _aIncluye datos biográficos del autor en las solapas. | ||
| 500 | _aIncluye referencias bibliográficas y notas al pie de las páginas e índice onomástico | ||
| 504 | _aBibliografía : p. 351-353 | ||
| 590 | _aInventariado, 2024/BT | ||
| 650 | 0 |
_aPersecuciones políticas _943731 |
|
| 650 | 4 |
_aGuerrillas _zRepública Dominicana _xHistoria _97270 |
|
| 651 | 4 |
_aRepública Dominicana _xHistoria _yInvasión , 1959 _97269 |
|
| 700 | 1 |
_aPérez Peña, Raúl, _eprólogo _943350 |
|
| 700 | 1 |
_aDomínguez Novas, Juan Francisco, _ecuidado de edición _973382 |
|
| 700 | 1 |
_aRocha, Kary Alba, _ecorrección _977797 |
|
| 910 | _aBtavárez | ||
| 942 |
_2ddc _cLBS1 |
||
| 999 |
_c56722 _d56722 |
||